| 000 | 00374nam a2200145Ia 4500 | ||
|---|---|---|---|
| 008 | 220216s9999 xx 000 0 und d | ||
| 100 | _aAbraham P D | ||
| 245 | 0 | _aExploitation procedures for mature rubber of smallholdings | |
| 260 |
_bPlanters Bulletin _c1980 |
||
| 300 | _a132-135 | ||
| 650 | _aRubber | ||
| 650 | _aSmallholding | ||
| 700 | _aAnthony J L | ||
| 942 | _cJS | ||
| 999 |
_c59143 _d59143 |
||